000 00682nam a2200205 i 4500
001 81714
003 ES-MaACL
005 20251009160258.0
007 t|
008 041105s1979 sp ||||1| spa d
100 1 _aHyde, Gordon.
_964877
245 1 3 _aEl Servicio de Sanidad Soviético
_b: estudio histórico y comparativo /
_cGordon Hyde ; [traducción: Fernando Velasco].
260 _a[Madrid] :
_bAkal,
_c[1979]
300 _a361 p. ;
_c22 cm.
490 1 _aManifiesto. Sociología ;
_v83
700 0 _aVelasco, Fernando,
_c(traductor)
_9113721
830 0 _aManifiesto. Sociología ;
_v83
_9183435
852 _aES-MaACL
_jA-10588
_bR.99703
999 _c81714
_d81714